000 01023nam a22003257a 4500
001 2029
003 FISKH
005 20231101083319.0
008 231101b cb ||||| |||| 00| 0 eng d
020 _a9789531213391 (lib. bdg.)
020 _a9780531214398 (pbk.)
020 _a0531213390 (lib. bdg.)
020 _a0531214397 (pbk.)
040 _aFISKH
_beng
_cFISKH
_dFISKH
050 _aTX355.F36
082 _a641.3
100 _aFalk, Laine
_d1974-
245 _aThis is the way we eat our food /
_cBy Laine Falk
260 _aNew York :
_bScholastic,
_c2010.
300 _a24 pages :
_bcolor illustrations ;
_c21 cm
490 _aNews nonfictions readers
505 _aK
520 _aDescribes the different ways children around the world eat their food.
521 8 _a510
_bLexile
521 8 _aK
_bRaz-Plus
650 _aFood
_vJuvenile literature
650 _aFood-habits
_vJuvenile literature
650 _2Cookery
_aInternational
_vJuvenile literature
942 _2ddc
_cBK
_n0
999 _c2029
_d2029